00585 2200205 4500001002100000005001700021008004100038035002400079040001200103082001800115090002200133100001900155245007400174260003500248300002500283504002900308650001400337850001200351990001600363YOGYA-1112000000027820121114164424.0 ind  0010-111200000000278 aYOPDYOG 2[22]a781.621 aCoE 781.621 GIT b aGITOSAPROJO, S aBuku panduan rekaman gendhing mat-matan volume 1-4 /cS. Gitosaprojo. aSurakarata :bLokananta,c1995 ax, 70 hlm. ;c21 cm. aBibliografi : hlm. 69-70 aKarawitan aYOPDYOG a418-PD/A.12